| 000 | 00846nam a22002292i 4500 | ||
|---|---|---|---|
| 001 | 151737 | ||
| 003 | ES-MaACL | ||
| 005 | 20251015063134.0 | ||
| 008 | 920723s1881 fr a |||| | fre d | ||
| 040 |
_aCAT _bspa _cCAT _dCCPB |
||
| 080 | 4 | _a612 | |
| 100 | 1 |
_aBeaunis, Henri Étienne, _d1830-1921 _9125879 |
|
| 245 | 1 | 0 |
_aNouveaux éléments de physiologie humaine _b: comprenant les principes de la physiologie comparée et de la physiologie générale / _cpar H. Beaunis. |
| 250 | _a2e éd., entièrement refondue. | ||
| 260 |
_aParis : _bLibrairie J.-B. Baillière et fils, _c1881. |
||
| 300 |
_a2 v. : _bil. ; _c25 cm. |
||
| 650 | 4 |
_aFisiología. _9136120 |
|
| 700 | 1 | 1 |
_aBaillière, J.B. e Hijo, _eed. _9125780 |
| 752 |
_aFrancia - _dParís |
||
| 852 |
_aES-MaACL _jG-10812-10813 _z-- Enc. tela |
||
| 999 |
_c151737 _d151737 |
||